000 00926nam a22002417a 4500
999 _c7479
_d7479
005 20251125232814.0
008 s2517 th tha d
040 _aNALT
041 _atha
050 _aJF511 ว8
100 0 _aทินพันธุ์ นาคะตะ, ผู้แปล
245 1 0 _aผู้แทน
260 3 _aกรุงเทพฯ :
_bสมาคมสังคมศาสตร์แห่งประเทศไทย,
_c2517
300 _a167 หน้า
650 0 4 _aรัฐบาล
650 0 4 _aสภานิติบัญญัติ
650 0 4 _aสภาผู้แทนราษฎร
700 0 _aทินพันธุ์ นาคะตะ, ผู้แปล
850 _aNALT
856 4 0 _uhttps://hdl.handle.net/20.500.14156/336633
_71
942 _cGB
_08
_2lcc
998 _j111
_k นางสาวพจพิณ พรมเอี่ยม